01875naa a2200253 i 4500001000400000003000400004005001700008008003900025040000800064080001100072100014600083245019800229260001000427500002100437520051100458650002700969655003000996711015901026711015901185773021101344942001301555999001501568952003801583BPPBPK20180425125355.0141018s2012 pl f |100 0 pol cBPK a621.01 aFLIGIEL, Marek.d1996 - .bPolitechnika Koszalińska - Wydział Mechaniczny,cKatedra Mechaniki Technicznej i Wytrzymałości Materiałów aKształtowanie optymalnej konstrukcji nośnej w dwuwymiarowym stanie obciążenia = Formation of the most optimal supporting construction in a two-dimensional state of load /cMarek Fligiel. c2012. aDane z autopsji. aW pracy rozpatruje się poszukiwanie najwygodniejszej konstrukcji nośnej. Zdefiniowano pojęcie najwygodniejszej konstrukcji nośnej. Rozpatrywane są dwa kryteria optymalnego kształtowania najwygodniejszej konstrukcji nośnej. Pierwsze kryterium, największej sztywności konstrukcji, jest spełnione, gdy wartość jednostkowej potencjalnej energii deformacji w całej jej objętości jest taka sama. Drugie kryterium jest długością działania sił wewnętrznych konstrukcji nośnej. 0aKonstrukcje budowlane. 0aMateriały konferencyjne. aOgólnopolska Konferencja Naukowo-Dydaktyczna Teorii Mechanizmów, Maszyn i Układów Mechatronicznychn(23 ;d2012 ;cKoszalin / Kołobrzeg, Polska). aOgólnopolska Konferencja Naukowo-Dydaktyczna Teorii Mechanizmów, Maszyn i Układów Mechatronicznychn(23 ;d2012 ;cKoszalin / Kołobrzeg, Polska). iW :tXXIII Ogólnopolska i III Międzynarodowa Konferencja Naukowo-Dydaktyczna. Teorii Mechanizmów, Maszyn i Układów Mechatronicznych : materiały konferencyjne. -dKoszalin-Kołobrzeg 2012. -gs. 29 cART2UKD c6366d6366 00104070aBPKbBPKo101777yART